000 00433nam a2200169Ia 4500
008 130527t2009 xxu||||| |||| 00| 0 sin d
041 _asin
080 _aX8S1
_bANH
100 _aAnhettigama,Daya
245 _aසුමිහිරි කවි බණ
246 _aSumihiri Kavi bana
260 _bRathna
_aColombo
_c2009
300 _b144p., 21 cm
942 _cBK
999 _c77039
_d77039
003 LK-CoDNM
040 _aLK-CoDNM
_dLK-CoDNM
_eLK-CoDNM